000 01272cam a2200337 a 4500
001 17336700
003 OSt
005 20230206125021.0
008 120607s2012 ilu b 001 0 eng
010 _a 2012018194
020 _a9780398088286 (hard)
020 _a9780398088293 (pbk.)
020 _a9780398088309 (ebook)
040 _aDLC
_cDLC
_dDLC
042 _apcc
050 0 0 _aRC480.6
_b.C75 2012
245 0 0 _aCrisis intervention and counseling by telephone and the internet /
_cedited by David Lester and James R. Rogers (with 24 other contributors).
250 _a3rd ed.
260 _aSpringfield, Ill. :
_bCharles C. Thomas, Publisher,
_c2012.
300 _axiii, 446 p. ;
500 _aRev. ed. of: Crisis intervention and counseling by telephone / edited by David Lester.
504 _aIncludes bibliographical references and indexes.
650 0 _aCrisis intervention (Mental health services)
650 0 _aHotlines (Counseling)
700 1 _aLester, David,
_d1942-
700 1 _aRogers, James R.
730 0 _aCrisis intervention and counseling by telephone.
906 _a7
_bcbc
_corignew
_d1
_eecip
_f20
_gy-gencatlg
942 _2lcc
_cBK
999 _c19935
_d19934